Tư liệu kinh tế các nước thành viên ASEAN

Sparad:
Bibliografiska uppgifter
Huvudupphovsman: Tổng cục thống kê
Materialtyp: Bok
Publicerad: Thống kê 2001
Taggar: Lägg till en tagg
Inga taggar, Lägg till första taggen!
Thư viện lưu trữ: Mạng thư viện Đại học Đà Nẵng
LEADER 00583nam a2200229 a 4500
001 000029336
003 13014
005 20171030145630.0
008 171030s2001
020 |c 80000 
040 |a LTT 
082 0 |a 330.96  |b TÔN 
100 1 |a Tổng cục thống kê 
245 0 0 |a Tư liệu kinh tế các nước thành viên ASEAN  |c Tổng cục thống kê. 
260 |b Thống kê  |c 2001 
OWN |a LTT 
999 |a From the UDN01 
TYP |a Monograph 
TYP |a Printed language 
980 |a Mạng thư viện Đại học Đà Nẵng